Normal view
MARC view
- Marek Piotr
Entry Personal Name
001 - CONTROL NUMBER
- control field: 24871
003 - CONTROL NUMBER IDENTIFIER
- control field: IT-RoPau
005 - DATE AND TIME OF LATEST TRANSACTION
- control field: 20140514105159.0
008 - FIXED-LENGTH DATA ELEMENTS
- fixed length control field: 140514|| aca||aabn | a|a d
040 ## - CATALOGING SOURCE
- Original cataloging agency: IT-RoPau
- Transcribing agency: IT-RoPau
100 ## - HEADING--PERSONAL NAME
- Personal name: Marek Piotr
- Relator term: Autore testo e musica
- Miscellaneous information: Codice autore testo/musica SPICS: 25454
670 ## - SOURCE DATA FOUND
- Source citation: Work cat.: (IT-RoPau)101787: Marek Piotr 24867, Kora Pudelsi (Lp Sx 2612)